000 00305nam a2200133 i 4500
001 bg
100 1 _aLADOUSSE, Gilian Porter.
245 0 _aRole play /
_cGilian Porter Ladousse.
260 _aOxford,
_c1991.
040 _cBPK
041 _apol
942 _cKS
008 s pl f |000 0 pol
999 _c5416
_d5416
856 _uhttp://koha.tu.koszalin.pl/cgi-bin/koha/opac-detail.pl?biblionumber=5416
_yKatalog online BPK